| 000 | 00693nmc a2200241 a 4500 | ||
|---|---|---|---|
| 003 | AR-BaBNM | ||
| 005 | 20251128202805.0 | ||
| 008 | 247019s1953 ||||||||||||||000 | spa|| | ||
| 040 | _cAR-BaBNM | ||
| 100 | 1 | _aBosch, Beatriz | |
| 245 | 1 | 0 |
_aPresencia de Urquiza _bcon una selección documental |
| 260 |
_aBuenos Aires _bRaigal _c1953 |
||
| 300 | 0 | _a333 p. | |
| 490 | 0 | _aBiblioteca Juan María Gutiérrez | |
| 600 | 1 | 4 |
_aUrquiza, Justo José de _d1801-1870 |
| 650 | 4 | _aORGANIZACION NACIONAL | |
| 650 | 4 | _aPRESIDENCIAS ARGENTINAS | |
| 650 | 4 | _aPRONUNCIAMIENTO DE URQUIZA | |
| 650 | 4 | _aHISTORIA DE LAS IDEAS | |
| 800 | 1 |
_aGhiano, Juan Carlos _edirector |
|
| 942 | _cBK | ||
| 998 | _cmariana | ||
| 999 |
_c584 _d584 |
||